[Event "Rohde op 12th"]
[Site "Sautron"]
[Date "2012.10.28"]
[Round "2"]
[White "Oleksienko, Mikhailo"]
[Black "Ider, Borya"]
[Result "1-0"]
[WhiteElo "2539"]
[BlackElo "2394"]
[Annotator "RR"]
[PlyCount "95"]
[EventDate "2012.10.27"]
[EventType "swiss"]
[EventRounds "9"]
[EventCountry "FRA"]
[SourceTitle "EXT 2014"]
[Source "ChessBase"]
[SourceDate "2013.11.20"]
[SourceVersion "1"]
[SourceVersionDate "2013.11.20"]
[SourceQuality "1"]
[TimeControl "40/5400+30:1800+30"]
[WhiteClock "1:30:00"]
[BlackClock "1:30:00"]

1. e4 {[%emt 0:00:00]} e6 {[%emt 0:00:00]} 2. d4 {[%emt 0:00:00]} d5 {[%emt 0:
00:00]} 3. Nd2 {[%emt 0:00:00]} h6 $5 {[%emt 0:00:00] Une ligne secondaire
dont l'idée revient au GMI BRICARD qui aime sortir des sentiers battus de la
théorie. Elle semble tout а fait jouable des Top GMI comme SHORT ou MOROZEVICH
l'ont essayé avec des bons résultats.} 4. Ngf3 {[%emt 0:01:58] Le GMI est un
peu surpris puisqu'il ne répond pas а tempo} Nf6 {[%emt 0:00:00]} 5. Bd3 {
[%emt 0:00:13]} ({RR} 5. e5 Nfd7 6. c3 c5 7. a3 Be7 8. Bd3 a5 9. b3 b6 10. Bb5
Na6 11. O-O Nc7 12. Be2 a4 13. b4 Ba6 14. Bb2 O-O 15. Bxa6 Rxa6 16. Qe2 cxb4
17. cxb4 b5 18. Ne1 Nb6 19. Nd3 Nc4 {Vallejo Pons,F (2663)-Morozevich,A (2732)/
Monte Carlo 2004/CBM 099 ext/0-1 (69)}) 5... c5 {[%emt 0:00:05]} 6. exd5 {
[%emt 0:00:17]} (6. c3 cxd4 7. cxd4 dxe4 8. Nxe4) 6... Nxd5 {[%emt 0:02:43]} 7.
Nb3 {[%emt 0:07:06]} (7. O-O Nc6 8. Nb3 $14 {Yang,K (2409)-Cao Sang (2547)
Asia-ch Mashhad 2011 (1) 0-1}) (7. Ne4 $5 cxd4 8. Nxd4 e5) 7... cxd4 $146 {
[%emt 0:03:04]} ({RR} 7... Qc7 8. dxc5 Nd7 9. O-O Nxc5 10. Bb5+ Nd7 11. Re1 Be7
12. Ne5 O-O 13. Bxd7 Bxd7 14. c4 Nf6 15. Bf4 Qc8 {1/2-1/2 Kranzl,P (2279)
-Reschun,S (2246)/Austria 2009/EXT 2010}) 8. Nbxd4 {[%emt 0:00:05]} Bc5 {
[%emt 0:00:52]} 9. O-O {[%emt 0:02:22]} O-O {[%emt 0:00:59]} 10. a3 {[%emt 0:
06:26][%cal Gc2c4] Pas forcément indispensable et les Blancs pouvaient ausssi
jouer directement c4 sans craindre la réponse Nb4} (10. Qe2 $5 {[%cal Gf1d1]})
(10. c4 Nb4 11. Bb1 N8c6 12. Nb3 Be7 13. Qe2 {[%cal Gf1d1]}) 10... Bb6 {
[%emt 0:05:32]} (10... e5 $1 {[%cal Gc8g4] Libérer le mauvais Bc8 est pourtant
un coup candidat qui doit libérer les Noirs.} 11. Nb3 Bd6 $11) 11. c4 {[%emt 0:
07:06]} Nf6 {[%emt 0:01:23]} 12. Re1 $14 {[%emt 0:07:27][%csl Rc8]} Kh8 $6 {
[%emt 0:17:52] Trop lent} (12... Bd7 $142 {[%cal Gb8c6]}) 13. Bc2 {[%emt 0:03:
37]} Qc7 {[%emt 0:00:18]} 14. Qe2 {[%emt 0:02:38]} Rd8 {[%emt 0:02:20]} 15. Nb5
{[%emt 0:03:02]} (15. Be3 a6 (15... e5 16. Nb5)) 15... Qe7 {[%emt 0:00:22]} 16.
b4 {[%emt 0:02:23]} a6 {[%emt 0:12:27]} 17. Nc3 {[%emt 0:00:31]} Nc6 {[%emt 0:
01:06]} 18. Bb2 {[%emt 0:02:57]} a5 $6 {[%emt 0:23:52]} 19. b5 {[%emt 0:08:22]}
(19. Na4 $1 Bd4 (19... Bc7 20. b5) 20. Nxd4 Nxd4 21. Bxd4 Rxd4 22. Nb6 Rb8 23.
Rad1 $32) 19... Nd4 {[%emt 0:00:17]} 20. Nxd4 {[%emt 0:00:08]} Bxd4 {[%emt 0:
00:05]} 21. Rad1 {[%emt 0:00:15]} e5 {[%emt 0:03:26]} 22. Nd5 {[%emt 0:04:25]}
(22. Rxd4 $5 Rxd4 23. Nd5 $36 Rxd5 24. cxd5 Bd7 25. a4 Rc8 26. Bxe5 {[%csl Gc2,
Ge5]} Nxd5 27. Bb3 {[%csl Rd5,Re7][%cal Gb3d5,Ge5g7]}) 22... Bg4 {[%emt 0:02:
20]} 23. Qxg4 {[%emt 0:23:40] Conduit а des grosses complications} (23. Qd3
Rxd5 $1 24. cxd5 Bxb2) (23. Nxe7 Bxe2 24. Rxe2 Bxb2) (23. Qf1 {[%csl Rf1]} Bxd1
(23... Qe6 24. Rxd4) 24. Nxe7 Bxc2 $13 25. Bxd4 Rxd4 26. Rxe5 Rad8 (26... Rd1
27. Re1)) 23... Bxf2+ $1 {[%emt 0:06:55]} 24. Kf1 {[%emt 0:00:10]} Rxd5 $1 {
[%emt 0:00:05][%csl Rg4]} 25. Qe2 {[%emt 0:00:44]} Rxd1 {[%emt 0:00:23]} 26.
Rxd1 {[%emt 0:00:10]} Bc5 {[%emt 0:00:32][%csl Ra3]} 27. Qxe5 {[%emt 0:00:17]}
Qxe5 {[%emt 0:00:26]} 28. Bxe5 {[%emt 0:00:05]} Ng4 {[%emt 0:00:10]} 29. Bf4 {
[%emt 0:00:25]} Be3 {[%emt 0:01:20] (=)} (29... g5 $11 {[%cal Gh8g7]}) 30. h3 {
[%emt 0:06:52]} Bxf4 {[%emt 0:00:08]} 31. hxg4 {[%emt 0:00:02]} b6 {[%emt 0:00:
33]} 32. c5 $1 {[%emt 0:00:26][%csl Gb5]} bxc5 {[%emt 0:00:40]} 33. b6 {
[%emt 0:00:28]} g6 {[%emt 0:08:35]} 34. b7 {[%emt 0:00:25]} Re8 {[%emt 0:02:01]
} 35. Kf2 {[%emt 0:04:14]} Kg7 {[%emt 0:02:13]} 36. Kf3 {[%emt 0:00:44]} g5 {
[%emt 0:00:29]} 37. Be4 $1 {[%emt 0:01:23]} c4 {[%emt 0:00:26]} 38. g3 {
[%emt 0:00:56]} Be5 $6 {[%emt 0:00:05]} (38... Bb8) 39. Rd5 $18 {[%emt 0:00:34]
} Kf6 {[%emt 0:02:47]} (39... a4 40. Rxe5) 40. Rxa5 {[%emt 0:00:00]} c3 {
[%emt 0:00:00]} 41. Rc5 {[%emt 0:01:47]} Ke6 {[%emt 0:01:44]} 42. Rc8 {[%emt 0:
00:35]} Ke7 {[%emt 0:01:28]} 43. a4 {[%emt 0:00:55]} Rd8 {[%emt 0:00:24]} 44.
a5 {[%emt 0:00:26]} Rd2 {[%emt 0:01:07]} 45. a6 {[%emt 0:04:11]} Ra2 {[%emt 0:
00:36]} 46. Bd3 {[%emt 0:01:11]} c2 {[%emt 0:00:09]} 47. Rxc2 {[%emt 0:00:35]}
Rxc2 {[%emt 0:00:07]} 48. a7 {[%emt 0:00:12]} 1-0

[Event "FRA-chT Top 12"]
[Site "Montpellier"]
[Date "2015.05.31"]
[Round "2.3"]
[White "Rozentalis, Eduardas"]
[Black "So, Wesley"]
[Result "0-1"]
[WhiteElo "2529"]
[BlackElo "2778"]
[Annotator "RR"]
[PlyCount "86"]
[EventDate "2015.05.30"]
[EventType "team-tourn"]
[EventRounds "11"]
[EventCountry "FRA"]
[SourceTitle "CBM 166 Extra"]
[Source "ChessBase"]
[SourceDate "2015.06.18"]
[SourceVersion "1"]
[SourceVersionDate "2015.06.18"]
[SourceQuality "1"]
[WhiteTeam "Strasbourg"]
[BlackTeam "Clichy-Echecs 92"]
[WhiteTeamCountry "FRA"]
[BlackTeamCountry "FRA"]

1. e4 e6 2. d4 d5 3. Nd2 Be7 4. c3 c5 5. dxc5 Nf6 (5... Bxc5 6. Bd3 Nf6 7. Qe2
Qc7 8. Ngf3 O-O 9. O-O Nbd7 10. Bc2 b6 11. exd5 exd5 12. Nb3 Re8 13. Qd3 a5 14.
Nxc5 bxc5 15. Re1 Rxe1+ 16. Nxe1 Ba6 17. Qd1 Re8 18. Nd3 Qb6 19. h3 h6 20. Rb1
Bc4 21. a4 Ne4 22. Bd2 Bxd3 23. Bxd3 Nxf2 24. Qf3 Nxd3 25. Qxd3 c4+ 26. Qd4 Re2
27. Rd1 Qxb2 28. Qxd5 Qc2 29. Bf4 Rxg2+ 30. Kh1 Re2 31. Rg1 Qd3 32. Qxd3 cxd3
33. Bxh6 d2 34. Rxg7+ Kh8 35. Rg1 {McShane,L (2697)-Rapport,R (2676) Germany
2014 0-1}) 6. exd5 Nxd5 7. Ne4 O-O 8. Nf3 Qc7 9. Bc4 b6 10. O-O Rd8 11. Qe2
$146 (11. Bxd5 Rxd5 12. cxb6 axb6 13. Qc2 Nc6 14. c4 Rf5 15. Qe2 Bb7 16. Rd1
Na5 17. Nd4 Re5 18. Bf4 Bxe4 19. Qxe4 Rxe4 20. Bxc7 Nxc4 21. Nb5 Nxb2 22. Rd7
Bf6 23. Rb1 h5 24. h3 Rxa2 25. Bd8 Be5 26. Bc7 Nc4 27. Bxe5 Rxe5 28. Nd4 Rd2
29. Rc1 b5 30. Ra1 Re4 31. Raa7 Re1+ 32. Kh2 Rxf2 33. Nf3 Ree2 34. Rxf7 Rxg2+
35. Kh1 Nd6 {0-1 (35) Godena,M (2526)-Sutovsky,E (2692) Spoleto 2011}) 11...
bxc5 12. Bg5 Bxg5 13. Nexg5 h6 14. Ne4 Nd7 15. Rad1 Bb7 16. Rfe1 N7b6 17. Bb3
a5 18. a3 Ba6 19. c4 Nf4 20. Qc2 Bb7 21. Qc3 f5 22. Ng3 a4 $15 {[%csl Rb2]} 23.
Bc2 Qc6 $1 {[%csl Rg2][%cal Gf4g2]} 24. h4 Rd4 $1 25. Rxd4 cxd4 26. Qxd4 Qxc4
27. Qxb6 Bxf3 28. Bxf5 exf5 29. gxf3 Rf8 30. h5 Nh3+ 31. Kg2 Nf4+ 32. Kg1 Nh3+
{Une répétition de coups pour gagner du temps à la pendule} 33. Kg2 Qh4 34.
Qe6+ Kh7 35. Qg6+ Kh8 36. Qd6 $13 {Malgré la structure, la position Blanche
reste jouable} Rd8 37. Qa6 $2 $138 (37. Qb4 $1 {[%cal Gb4h4]} Nf4+ (37... Rd4
38. Qf8+ Kh7 39. Qxf5+) 38. Kg1 $132) 37... Nf4+ 38. Kg1 Nh3+ 39. Kg2 Nf4+ 40.
Kg1 Kh7 $1 {Une précaution évitant un échec intermédiaire} 41. Qf1 $2 (41.
Qb5 {[%cal Gb5f5,Gb5a4]} Rd5 42. Qb4 {[%cal Gb4h4]} (42. Qxa4 Nh3+) 42... Qg5
$36 {[%cal Gf4h5]}) 41... Nh3+ 42. Kg2 Nf4+ 43. Kg1 Rd2 0-1

[Event "Sarajevo Bosnia 29th"]
[Site "Sarajevo"]
[Date "1999.05.18"]
[Round "2"]
[White "Leko, Peter"]
[Black "Morozevich, Alexander"]
[Result "1/2-1/2"]
[WhiteElo "2694"]
[BlackElo "2723"]
[Annotator "Rodriguez,Am"]
[PlyCount "108"]
[EventDate "1999.05.17"]
[EventType "tourn"]
[EventRounds "9"]
[EventCountry "BIH"]
[EventCategory "19"]
[SourceTitle "CBM 071"]
[Source "ChessBase"]
[SourceDate "1999.08.01"]
[SourceVersion "1"]
[SourceVersionDate "1999.08.01"]
[SourceQuality "1"]

1. e4 e6 2. d4 d5 3. Nd2 Be7 {This is Morozevich's main weapon against 1.e4,
The French, and this line in particular. Everybody knew it well in advance
before Sarajevo but no one was able to claim an opening advantage against him
there.} 4. Bd3 (4. e5 {See Adams-Morozevich a few rounds later for a powerful
demonstration of Black's play.}) 4... c5 5. dxc5 Nf6 6. Qe2 Nc6 7. Ngf3 Nb4 $5
{Morozevich mentioned this move after the game as the theoretical course, but
I can only find a single game with it in my database played by two women. Some
examples about the other possibilities are:} (7... Bxc5 8. O-O Qc7 9. a3 Be7
10. c4 dxe4 11. Nxe4 b6 12. b4 Bb7 13. Bb2 Nxe4 14. Bxe4 $14 {1-0 Popovic,
P-Hausner,I/BL8889 1989/GER-chT (42)}) (7... O-O 8. a3 Bxc5 9. O-O Re8 10. e5
Nd7 11. b4 Bf8 12. Bb2 Nb6 13. Rad1 a5 14. b5 Na4 15. Ba1 Nb8 16. Ne4 Nc5 17.
Nf6+ $5 gxf6 18. exf6 e5 19. Nxe5 Nxd3 20. Rxd3 $13 {1-0 Kengis,E-Nevednichy,B/
Pavlodar 1987/EXT 97 (37)}) 8. O-O (8. Bb5+ Bd7 9. O-O $5 Nxc2 10. Bxd7+ Nxd7
$1 {seems Ok for Black}) (8. exd5 Qxd5 9. Nb3 $6 Nxd3+ 10. Qxd3 Qxd3 11. cxd3
b6 12. O-O Ba6 $15 {1/2-1/2 Shadrina,T-Matveeva,S/Kstovo 1998/EXT 99 (27)})
8... Nxd3 9. cxd3 Bxc5 10. Nb3 Be7 11. Bg5 h6 12. Bh4 Qb6 $5 13. e5 Ng8 $5 {
Very impressive and played instantly.} 14. Bxe7 $6 {Now Black gets an easy
game.} (14. Bg3 $5 {Was critical to bring the bishop to e3 and gain tempos.
Black will have to move his queen and king bishop to develop the knight.})
14... Nxe7 15. Nfd4 $6 (15. Nbd4 $11) 15... Bd7 16. Rac1 O-O 17. Qd2 Rfc8 18.
Qa5 Qxa5 19. Nxa5 b6 20. Nab3 g5 $1 {It is clear that White has many problems,
the most critical one his pawn on e5.} 21. Rce1 Ng6 22. g3 a5 23. Nd2 a4 24.
Re3 $2 (24. a3 $142 {Although it is an unpleasant move.}) 24... a3 25. b3 Rc7
26. Kg2 b5 27. b4 $2 Ra4 28. Rb1 $2 f6 $3 {After this fine unexpected stroke
Black is completely winning} 29. exf6 e5 30. f7+ Kxf7 31. N4f3 Rc2 32. Nb3 Rxb4
33. Nxe5+ Nxe5 34. Rxe5 Kf6 35. Rbe1 Bf5 ({Black should be winning in many
ways but the most elegant would have been} 35... Re4 $3 {when all White's
resources vanishes after the exchange of a pair of rooks.}) 36. Rxd5 Bc8 37.
Rd6+ Kf7 38. Nd4 Rc7 39. Rxh6 Kg7 40. Rd6 Rb2 41. Re5 {Suddenly White is in
the game again.} g4 42. Nf5+ Bxf5 43. Rxf5 Rf7 44. Rdd5 Rxf5 45. Rxf5 Kg6 46.
Rc5 Rxa2 47. Rxb5 Rb2 48. Ra5 a2 49. d4 Kf6 50. Ra6+ Kf5 51. d5 Ke5 52. d6 Ke6
53. h4 gxh3+ 54. Kxh3 Rxf2 1/2-1/2

[Event "Minsk op"]
[Site "Minsk"]
[Date "1996.??.??"]
[Round "3"]
[White "Losev, Dmitry"]
[Black "Totsky, Leonid"]
[Result "1-0"]
[WhiteElo "2370"]
[BlackElo "2430"]
[Annotator "Shipov,S"]
[PlyCount "51"]
[EventDate "1996.??.??"]
[EventType "swiss"]
[EventRounds "9"]
[EventCountry "BLR"]
[SourceTitle "EXT 2000"]
[Source "ChessBase"]
[SourceDate "1999.11.16"]
[SourceVersion "1"]
[SourceVersionDate "1999.11.16"]
[SourceQuality "1"]

1. e4 e6 2. d4 d5 3. Nd2 b6 4. exd5 (4. Ngf3) 4... Qxd5 $5 (4... exd5) 5. Ngf3
Nf6 6. Bc4 (6. Bd3 Bb7 7. O-O c5 8. c4 Qd8 9. Nb3 Be7 10. Bg5 Nbd7 11. Re1 O-O
$10 {Rehak,M-Totsky,L/Mlada Boleslav/1993/0:1/23/}) 6... Qd8 7. Qe2 (7. O-O Bb7
8. c3 Be7 9. Ne5 O-O 10. Ndf3 c5 11. Qe2 Nc6 12. Rd1 cxd4 13. Nxc6 Bxc6 14.
Nxd4 Bd5 15. Ba6 Qc7 $10 {Palac,M-Dammer,C/Oberwart/1992/0,5/54/}) (7. Ne5 $5)
7... Be7 (7... Bb7 8. Ne5 $1 {/\ Nf7!/}) 8. Ne5 $1 Qxd4 $6 (8... O-O 9. Ndf3
Bb7 $13) 9. Ndf3 Qe4 (9... Qd8 10. Bb5+ Bd7 (10... Nfd7 11. Qe4 $18) (10... Kf8
11. Ng5 $18) 11. Bxd7+ Nbxd7 12. Nxf7 $1 Kxf7 13. Ng5+ Ke8 14. Nxe6 $40) (9...
Bb4+ $2 10. c3 Bxc3+ 11. Kf1 $18) 10. Be3 O-O 11. O-O-O $44 {@,>< Qe4/} a5 $2 {
/\ Ba6/} (11... Nbd7 $1 $13) 12. Bd3 Qa4 13. Kb1 Ba6 (13... Bb7 $5 {/\ Be4/})
14. c4 $1 Qe8 (14... Nbd7 $2 15. Bc2 $18) 15. g4 $1 $16 Bb7 (15... Nbd7 $2 16.
g5 Nxe5 17. Nxe5 Nd7 18. Nxd7 Qxd7 19. Bxh7+ $18) 16. g5 Nfd7 17. Rhg1 Bd6 (
17... Nc5 $16) 18. Bd4 f6 $2 (18... Nc5 19. Ng4 $1 Bxf3 (19... Nxd3 20. Nf6+ $1
gxf6 21. gxf6+ Kh8 22. Rg7 $18) 20. Nf6+ $1 gxf6 21. gxf6+ Kh8 22. Rg7 $1 $18)
(18... Bxf3 $1 19. Nxf3 (19. Qxf3 Nxe5 20. Qxa8 Nbc6 $16) 19... Na6 $16) 19.
gxf6 Nxf6 20. Ng5 $18 Na6 (20... h6 21. Bg6 Qe7 22. Bf7+ $18) 21. Nxh7 $1 Nxh7
22. Rxg7+ $1 Kxg7 23. Qg4+ Kf6 24. Nc6+ e5 25. Qf5+ Kg7 26. Rg1+ 1-0

[Event "EU-ch 2nd"]
[Site "Ohrid"]
[Date "2001.06.11"]
[Round "10"]
[White "Tiviakov, Sergei"]
[Black "Lputian, Smbat G"]
[Result "1-0"]
[WhiteElo "2603"]
[BlackElo "2607"]
[Annotator "Tiviakov,S"]
[PlyCount "57"]
[EventDate "2001.06.01"]
[EventType "swiss"]
[EventRounds "13"]
[EventCountry "YUG"]
[SourceTitle "CBM 084"]
[Source "ChessBase"]
[SourceDate "2001.09.13"]
[SourceVersion "1"]
[SourceVersionDate "2001.09.13"]
[SourceQuality "1"]

{[This game from the 10th round of the tournament was very important to me. It
allowed me to move high above the necessary qualification score +3. I am proud
with this game, since you don't get a chance to win so conclusively against
such a strong player as Lputian in the French Defence, which he is playing
during his whole life.]} 1. e4 e6 2. d4 d5 3. Nd2 Be7 4. Bd3 {[The whole
variation has been prepared by me for the game against A.Morozevich from the
Wijk aan Zee tournament in January 2001, although then my opponent opted for
the Sicilian. But the old preparation resulted into 2 full points 5 months
later.]} c5 5. dxc5 Nf6 6. Qe2 Nc6 7. Ngf3 a5 ({2 days before, in the 8th
round of the tournament the same variation took place in my game against other
Armenian player Artashes Minasian. I also managed to win that game very
convincingly. The game continued:} 7... Bxc5 8. O-O Qc7 9. a3 a6 $6 (9... O-O
$142 {is better.}) 10. e5 $1 $146 ({Stronger than} 10. b4 Nd4 11. Nxd4 Bxd4 12.
Ra2 {1/2-1/2 Jaracz Pawel (POL)-Socko Bartosz (POL)/Plock (Poland) 2000 (12)})
10... Nd7 (10... Ng4 {is answered by} 11. b4 {, followed by Bb2 with advantage.
}) 11. Re1 b5 12. Nb3 Be7 13. Bf4 Nb6 14. Nfd4 Bd7 15. c3 Na4 16. Nxc6 Bxc6 17.
Nd4 $16 {White has a large advantage here.} g6 18. Rab1 Bd7 19. Qe3 Bf8 20. Bg5
Bg7 21. Qf4 h6 22. Bf6 Bxf6 23. Qxf6 Rg8 24. Qf4 Rh8 25. Qf6 Rg8 26. Re3 Qd8
27. Qf4 h5 28. Rg3 Qe7 29. Nf3 Bc6 30. Ng5 Rg7 31. Bc2 Nb6 32. h4 Nd7 33. Rf3
Ra7 34. Qd4 Qc5 35. Nxf7 Qxd4 36. Nd6+ Ke7 37. cxd4 Ra8 38. Rc1 Rf8 39. Rg3 Rf4
40. Bxg6 Rxd4 41. Rxc6 {1-0 Tiviakov,S-Minasian,A/Ohrid MKD (8th round) 2001})
8. O-O O-O {[It was not very difficult to predict that this position would
appear on the board. Lputian has already played this rare line twice, easily
equalising in both of the games. I spent lot of time preparing for the game,
since it was not easy to find a line, promising even a slight plus. Finally at
14:00, 1 hour before the start of the game I found it!]} 9. a4 $1 {[The point
of my idea is that White has to stop Black counter-play on the queen's side,
preventing Black pieces from becoming too active.]} ({The following games
demonstrate that Black can easily equalise after both 9.c3 and 9.c4.} 9. c4 a4
10. Rd1 Bxc5 11. exd5 exd5 12. cxd5 Nb4 $44 13. Ne4 Nxd3 14. Nxf6+ (14. Rxd3
Nxe4 15. Qxe4 Re8 16. Qf4 Qb6 17. Be3 Qxb2 18. Re1 Qb4 19. Qxb4 Bxb4 20. Rc1
Bf5 21. Rd4 Bd6 22. h3 f6 23. Nd2 b5 24. Bf4 Ba3 25. Rc7 g5 26. Bg3 h5 27. h4
Bb2 28. Rb4 gxh4 29. Bf4 Re1+ 30. Kh2 Be5 31. Bxe5 Rxe5 32. Rxb5 Rd8 33. Nc4
Rexd5 34. Rxd5 Rxd5 35. Ne3 Re5 36. Ra7 Be6 37. Rxa4 Rb5 38. Rf4 Kg7 39. a4 Ra5
40. Rxh4 Bd7 {1/2-1/2 Marinkovic,S-Drasko,M/Vrnjacka Banja 1999/EXT 2000 (40)})
14... Qxf6 15. Qxd3 Bf5 16. Qb5 b6 17. Bg5 Qg6 18. Be3 Bxe3 19. Nh4 Qf6 20.
Nxf5 Bxf2+ 21. Kxf2 Qxf5+ 22. Kg1 Rfd8 23. Qxb6 Rxd5 24. Qc6 Rda5 25. Rf1 Qb5
26. Rac1 h5 27. Qxb5 Rxb5 28. Rf2 Rab8 {1/2-1/2 Asrian,K-Lputian,S/Yerevan ARM
2000/The Week in Chess 305 (28)}) (9. c3 Nd7 $1 (9... Re8 10. e5 Nd7 11. Nb3
$14 a4 12. Nbd4 Nxc5 13. Bc2 h6 14. Bf4 Bf8 15. Rfe1 Bd7 16. Rad1 Rc8 17. a3
Qb6 18. h4 Na5 19. Nh2 Nc4 20. Bc1 Ne4 {1/2-1/2 Brynell Stellan (SWE)-Hillarp
Persson Tiger (SWE)/Goteborg (Sweden) 2000 (20)}) 10. exd5 exd5 11. Bc2 Nxc5
12. Nb3 Re8 $11 (12... Ne6 13. a4 Bf6 14. Be3 Ne7 15. Rfe1 Re8 16. Rad1 Bd7 17.
Nc5 Nxc5 18. Bxc5 Ng6 19. Qd3 Bc6 20. Nd4 Qd7 21. Nxc6 bxc6 22. Rxe8+ Rxe8 23.
Be3 Qb7 24. b3 Nf8 25. Rb1 g6 26. b4 axb4 27. cxb4 Nd7 28. Qd1 Bc3 29. h3 Bxb4
30. Qg4 c5 31. Bxc5 Nxc5 32. Rxb4 Re1+ 33. Kh2 Qc7+ 34. g3 Na6 35. Rb6 Qxc2 36.
Qf4 Nc7 37. Rb7 Re7 38. Qf6 Qe4 39. Rxc7 Rxc7 40. Qd8+ Kg7 41. Qxc7 d4 42. a5
d3 43. Qc3+ {1/2-1/2 Hansen Sune Berg (DEN)-Hillarp Persson Tiger (SWE)/Sweden
2000 (43)}) 13. Nxc5 Bxc5 14. Qd3 g6 15. Bg5 Qb6 16. Bb3 d4 17. cxd4 Nxd4 18.
Nxd4 Bxd4 19. Rad1 Bxb2 20. Qf3 Be6 21. Rb1 Qc5 22. Bxe6 Rxe6 23. Be3 Bd4 24.
Rxb7 {1/2-1/2 Hansen,C-Lputian,S/Istanbul 2000/The Week in Chess 313 (24)})
9... Nd7 ({After} 9... Nb4 {White tries to keep the extra pawn on c5 by} 10.
Nb3 $1 {with better chances.} ({not} 10. e5 Nd7 11. Nb3 Nxd3 12. cxd3 Nxc5 13.
Nxc5 Bxc5 $11 {with equal chances.} 14. Be3 d4 15. Bf4 Qd5 16. Ng5 Be7 17. Rfe1
Bxg5 18. Bxg5 f6 19. Bd2 Bd7 20. Qe4 Bc6 21. Qxd5 Bxd5 22. exf6 gxf6 23. Rec1
b6 24. Rc7 Rac8 25. Rac1 Rxc7 26. Rxc7 Rf7 27. Rc8+ Kg7 28. Kf1 Rb7 29. f4 Bb3
30. g4 Bxa4 31. Ke2 Bd7 32. Rd8 e5 33. g5 Bg4+ 34. Kf2 Rd7 35. gxf6+ Kxf6 36.
Rb8 exf4 37. Rxb6+ Be6 38. Bxf4 a4 39. Ra6 Kf5 40. Bd2 Bb3 41. Ra5+ Kg4 42.
Rg5+ Kh4 43. Kf3 Bd5+ 44. Kf4 Rf7+ 45. Ke5 Rf2 46. Be1 Kxg5 47. Bxf2 Bb3 48.
Bxd4 Kg6 49. Bf2 Kf7 50. Kd6 Kf6 {1/2-1/2 Xie Jun-Matveeva,S/New Delhi IND
2000/The Week in Chess 317 (50)}) {For example,} 10... b6 (10... dxe4 11. Bxe4)
11. e5 Nd7 12. c6 Nc5 13. Bb5 Nxb3 (13... Qc7 14. Nbd4 Ne4 15. c3 (15. Bf4 f5
16. exf6 Bd6 17. Bxd6 Qxd6 18. fxg7 {1/2-1/2 Biti,O-Bukal,V/Pula CRO 2000/The
Week in Chess 290 (18)}) 15... Na6 16. Nd2 $18) 14. cxb3 Qc7 $14) 10. Nb3 ({
It is very important to keep the 'e' line closed. After} 10. exd5 exd5 11. Nb3
Nxc5 12. Nxc5 Bxc5 $11 {Black has nothing to worry about.}) 10... Nxc5 11. Nxc5
Bxc5 {[Here I stopped with my preparation, since White has slight but long
lasting advantage. White has an easy play, but Black must be very careful not
to find himself in a difficult position.]} 12. c3 $14 Bd7 ({After both} 12...
d4 13. e5 $16) ({and} 12... dxe4 13. Qxe4 $16 {White has the upper hand.}) 13.
Bf4 ({I am not sure whether I would make this move again. Frankly speaking,
the following move - 13...Ne7 was missed by me. White has several alternatives
to the text, such as} 13. Be3 $5) (13. e5 $5) ({and} 13. Rd1 $5 {all giving
White the advantage.}) 13... Ne7 $1 14. e5 (14. Rfd1 $5 $14 {deserves serious
attention.}) 14... Ng6 15. Bg3 f5 $6 ({Black loses the patience and opens the
position too early. Correct was} 15... Qe8 $142 {and if} 16. b3 $140 {then} f5
17. exf6 gxf6 {with counter-play.}) 16. exf6 gxf6 ({It is always very risky to
weaken the pawn's structure, protecting the king. I would have played} 16...
Qxf6 {although still after} 17. Ne5 $14 {White is better.} (17. Bxg6 Qxg6 18.
Ne5 Qe8 19. b3 $14 {deserves serious attention as well.})) 17. c4 $1 {[Opening
the center.]} dxc4 ({Black is not able to keep the center closed because} 17...
d4 {loses the pawn after} 18. Bxg6 ({not} 18. Qe4 $6 Bc8 (18... Qb6)) 18...
hxg6 19. Qe4 $16 {and Black is not able to defend all his pawns: b7, d4, g6,
e6.}) 18. Bxc4 Qe7 19. h4 $5 $16 {[I like this move very much. Although don't
having any direct threat it increases the pressure on the Black position,
setting also a trap which later Black fell in.]} (19. Rfd1 {and}) (19. Rfe1 {
are the worthy alternatives to the text.}) 19... Rfe8 (19... Rf7 $5 {can be
answered by} 20. Rfd1 {with the ideas: Nf3-Nd4 and Nf3-Nd2-e4}) 20. Rfd1 Kh8 $2
({This moves loses by force, but still after the correct} 20... Rac8) (20...
Bc6) ({or} 20... Nf8 {Black position would still remain very difficult.}) 21.
h5 Nf8 22. Ne5 $1 $18 {[This move was missed by my opponent.]} Rad8 (22... Bc6
23. Nxc6 bxc6 24. Qf3 $18 {was, probably, the most stubborn defence.}) (22...
fxe5 {loses to} 23. Bxe5+ Kg8 24. Qg4+ $18) 23. Bh4 {[Black is not able to
defend himself from the 2 threats: 24.Qf3 and 24.Ng4, winning.]} Bc6 ({Or} 
23... Qg7 24. h6 Qe7 25. Qf3 $18) 24. Ng4 $1 {[It was not very difficult to
calculate the winning line until the end.]} Rxd1+ 25. Rxd1 Nd7 26. Rxd7 Qxd7
27. Bxf6+ Kg8 28. Nh6+ Kf8 29. Qg4 {[A nice win!]} 1-0